Statistics for Minnesota Wild Roster

Click here to take the quiz!

General Stats

  • This quiz has been taken 212 times
    (97 since last reset)
  • The average score is 12 of 24

Answer Stats

HintAnswer% Correct
20Suter
85%
9Koivu
84%
11Parise
83%
40Dubnyk
74%
55Dumba
73%
46Spurgeon
73%
25Brodin
70%
64Granlund
70%
3Coyle
62%
16Zucker
62%
12Staal
61%
14Eriksson Ek
52%
32Stalock
51%
17Foligno
45%
18Greenway
42%
19Kunin
39%
22Niederreiter
38%
39Prosser
33%
7Cullen
30%
63Ennis
27%
36Seeler
18%
6Murphy
12%
26Winnik
11%
23Olofsson
9%

Score Distribution

Percentile by Number Answered

Percent of People with Each Score

Your Score History

You have not taken this quiz since the last reset